A preliminary investigation on China's two stock markets' efficiency /
Saved in:
| Main Author: | |
|---|---|
| Format: | Thesis Book |
| Language: | English |
| Published: |
1996.
|
| Subjects: | |
| Tags: |
Add Tag
No Tags, Be the first to tag this record!
|
| LEADER | 00867cam a2200265 a 4500 | ||
|---|---|---|---|
| 001 | u403244 | ||
| 003 | SIRSI | ||
| 008 | 960926s si v 00 1 eng m | ||
| 035 | |a ACB-3433 | ||
| 040 | |a UMM | ||
| 043 | |a a-cc--- | ||
| 090 | |a HG5783 |b Xie | ||
| 100 | 1 | 0 | |a Xie, Xiao Qing. |
| 245 | 1 | 2 | |a A preliminary investigation on China's two stock markets' efficiency / |c by Xie Xiao Qing. |
| 260 | |c 1996. | ||
| 300 | |a vii, 62 leaves : |b ill. ; |c 30 cm. | ||
| 502 | |a Dissertation (M.B.A.) -- National University of Singapore, 1996. | ||
| 504 | |a Bibliography: leaves 61-62. | ||
| 610 | 2 | 0 | |a Shanghai Stock Exchange. |
| 610 | 2 | 0 | |a Shenzan Stock Exchange. |
| 650 | 0 | |a Stock exchanges |z China | |
| 650 | 0 | |a Stocks |x Prices |z China. | |
| 948 | |a 26/09/1996 |b 25/11/2000 | ||
| 596 | |a 1 | ||
| 999 | |a F HG5783 XIE |w LC |c 1 |i A506154174 |d 9/4/2002 |l STACKS |m P01UTAMA |n 4 |r Y |s Y |t TESIS |u 31/1/1997 | ||
